| 000 | 00695nam a22002177a 4500 | ||
|---|---|---|---|
| 005 | 20251108164249.0 | ||
| 008 | 250721s1995 xx 000 0 ara d | ||
| 082 | 1 | 4 | _a350.00409565/مرك |
| 245 | 1 | 0 |
_aدليل المواطن : _b600 معاملة رسمية و إجراءاتها / |
| 264 | 1 |
_aعمان : _bالمركز، _c1995. |
|
| 300 | _a297ص | ||
| 490 | 0 | _aمنشورات المركز ؛ 1 | |
| 650 | 1 | 7 | _aالأردن |
| 650 | 1 | 7 | _aالدوائر الحكومية |
| 650 | 1 | 7 | _aالوزارات |
| 650 | 1 | 7 | _aالأدلة |
| 650 | 1 | 7 | _aالخدمات العامة |
| 710 | 2 | _aالمركز الجامعي للدعاية و الإعلان | |
| 942 |
_2ddc _cBK |
||
| 999 |
_c7810 _d7810 |
||